000 00605nam a22001815i 4500
001 167414
003 ES-MaACL
005 20231206063250.0
008 050926s1878 sp | |||||||| ||spa d
040 _aCAM
_bspa
_cCAM
100 1 _aVicuña, Gumersindo,
_d1840-1890
_9114406
245 1 3 _aLa carcoma /
_cpor Andrés Cubí Mugiño.
260 _aMadrid :
_bImprenta y librería de "La Guirnalda",
_c1878.
300 _a283 p. ;
_c18 cm.
594 _aAndrés Cubí Mugiño es seud. de Gumersindo Vicuña.
852 _aES-MaACL
_jF-11265
_z-- Enc. pasta española
999 _c167414
_d167414